De l' unité spirituelle, ou de la société et de son but au de la du temps

Detalles Bibliográficos
Autor principal: BLANC ST-BONNET, Antonio
Formato: Libro
Publicado: París/Alger/Leipzig 1845
Edición:2a.ed.
Materias:
Colección:Banco de datos
Acervo:Biblioteca Nacional de Antropología e Historia. Fondo Conventual
Descripción Física:t.I
Tema general:Sociología
Notas:Regular. II, 5, 31.
LEADER 00762nam a22002170004500
035 |a 9155 
036 |a 3760 
100 1 |a BLANC ST-BONNET, Antonio 
245 1 0 |a De l' unité spirituelle, ou de la société et de son but au de la du temps 
250 |a 2a.ed. 
260 |a París/Alger/Leipzig  |b Langlois y Le Clerc,Hermanos Dubois,Leopoldo Michelsen  |c 1845 
300 |a t.I 
500 |a Regular. II, 5, 31. 
650 1 0 |a Sociología 
949 |a B.N.A.H. 
959 |a Biblioteca Nacional de Antropología e Historia. Ciudad de México  |b CCC1 
960 |a Seminario de Morelia  |b DD56 
961 |a Casa de formación del Clero Secular  |b CS 
942 |c B.N.A.H. 
943 |g Biblioteca Nacional de Antropología e Historia. Fondo Conventual 
999 |c 1033687  |d 1033687